| 000 | 01140nam a22003737a 4500 | ||
|---|---|---|---|
| 001 | BR0602587 | ||
| 003 | BR-BrBNA | ||
| 005 | 20230928102155.0 | ||
| 007 | ta | ||
| 008 | 230509b bl.||||| |||| 00| 0 por d | ||
| 040 |
_aBR-BrBNA _bpor _cBiblioteca Nacional de Agricultura |
||
| 041 | _a(Por) | ||
| 072 | _aE50 | ||
| 090 | _ E50 BR0602587 | ||
| 100 | 1 | _aCapistrano, H.M. | |
| 110 | 1 |
_aUniversidade Federal de Minas Gerais, Belo Horizonte (Brasil). Escola de Veterinária _0Tese (Doutor em Ciência Animal) |
|
| 245 | 1 | _aAlterações e lesões de mucosa bucal na população urbana e rural de Ouro Preto, Minas Gerais, 2003 | |
| 260 | 3 |
_aBelo Horizonte, MG (Brasil): _c2005. |
|
| 300 | _a96 p. | ||
| 500 | _aSummaries (Eng, Por); Several bibliography; 18 tables; 16 illus. | ||
| 650 | _aBOCA | ||
| 650 | _aDOENÇA | ||
| 650 | _aLESÃO | ||
| 650 | _aEPIDEMIOLOGIA | ||
| 650 | _aMUCOSA | ||
| 650 | _aSAÚDE PÚBLICA | ||
| 650 | _aMEDICINA | ||
| 650 | _aPOPULAÇÃO RURAL | ||
| 650 | _aPOPULAÇÃO HUMANA | ||
| 650 | _aETIOLOGIA | ||
| 650 | _aMINAS GERAIS | ||
| 909 |
_a202309 _bLucia _c55 _dLucia Elande |
||
| 942 | _cBK | ||
| 999 |
_c69487 _d69487 |
||